[Event "CZE-chT2E 2223"]
[Site "Czech Republic"]
[Date "2022.11.06"]
[Round "2.6"]
[White "Gawlas, Roman"]
[Black "Svancara, Petr"]
[Result "0-1"]
[WhiteElo "2036"]
[BlackElo "2114"]
[PlyCount "84"]
[EventDate "2022.10.16"]
[EventType "team-tourn"]
[EventRounds "11"]
[EventCountry "CZE"]
[SourceTitle "EXT 2024"]
[Source "ChessBase"]
[SourceDate "2023.10.10"]
[SourceVersion "1"]
[SourceVersionDate "2023.10.10"]
[SourceQuality "1"]
[WhiteTeam "Litovel Tatran"]
[BlackTeam "Grygov"]
[WhiteTeamCountry "CZE"]
[BlackTeamCountry "CZE"]

1. d4 Nf6 2. c4 e6 3. Nf3 Bb4+ 4. Bd2 Qe7 5. e3 0-0 6. Bd3 d5 7. Bxb4 Qxb4+ 8. Qd2 Qxd2+ 9. Nbxd2 Nbd7 10. 0-0 c6 11. Rfe1 Re8 12. e4 dxe4 13. Nxe4 Nxe4 14. Bxe4 Nf6 15. Bd3 Bd7 16. Ne5 Rad8 17. Rad1 Bc8 18. Bc2 Nd7 19. Bxh7+ Kxh7 20. Nxf7 Nf6 21. Nxd8 Rxd8 22. f3 Kg6 23. g4 b6 24. Kg2 Kf7 25. a4 Bb7 26. Kg3 b5 27. axb5 cxb5 28. cxb5 Bd5 29. Ra1 Rd7 30. Ra6 Rb7 31. Rea1 Rxb5 32. Rxa7+ Kf8 33. Rb1 Rb3 34. Ra3 Rb4 35. h4 Ne8 36. b3 Nd6 37. Ra4 Rb7 38. b4 Nb5 39. Rf1 Nxd4 40. h5 Rc7 41. Raa1 Rc3 42. Rac1 Rxc1 0-1

[Event "CZE-chT2E 2223"]
[Site "Czech Republic"]
[Date "2022.10.16"]
[Round "1.6"]
[White "Svancara, Petr"]
[Black "Prenosil, Jiri"]
[Result "1-0"]
[WhiteElo "2114"]
[BlackElo "2083"]
[PlyCount "91"]
[EventDate "2022.10.16"]
[EventType "team-tourn"]
[EventRounds "11"]
[EventCountry "CZE"]
[SourceTitle "EXT 2024"]
[Source "ChessBase"]
[SourceDate "2023.10.10"]
[SourceVersion "1"]
[SourceVersionDate "2023.10.10"]
[SourceQuality "1"]
[WhiteTeam "Grygov"]
[BlackTeam "Olomouc"]
[WhiteTeamCountry "CZE"]
[BlackTeamCountry "CZE"]

1. c4 f5 2. d4 Nf6 3. Nc3 e6 4. h3 d5 5. Nf3 c6 6. Bf4 Nbd7 7. e3 Qa5 8. Be2 Ne4 9. 0-0 Nxc3 10. bxc3 Qxc3 11. g4 fxg4 12. hxg4 g6 13. g5 Bg7 14. Bd6 Qa5 15. c5 Qd8 16. Kg2 e5 17. dxe5 Nf8 18. Rh1 Ne6 19. Rh3 Nxg5 20. Nxg5 Qxg5+ 21. Rg3 Qf5 22. Bd3 Qf7 23. Rb1 Bf8 24. Rb4 Bxd6 25. cxd6 0-0 26. Rf4 Qg7 27. Rxf8+ Kxf8 28. f4 Qf7 29. Qh1 Be6 30. Bxg6 hxg6 31. Qh8+ Qg8 32. Qf6+ Qf7 33. Qh8+ Qg8 34. Qf6+ Qf7 35. Rxg6 Qxf6 36. Rxf6+ Kg8 37. Rxe6 c5 38. Re7 b5 39. Kf3 c4 40. Rb7 a6 41. f5 Kf8 42. e6 c3 43. Rc7 b4 44. f6 a5 45. d7 a4 46. Rc8+ 1-0

[Event "CZE-chT1E 1819"]
[Site "Czech Republic"]
[Date "2018.12.09"]
[Round "4.6"]
[White "Svancara, Petr"]
[Black "Mica, Marek"]
[Result "0-1"]
[WhiteElo "2145"]
[BlackElo "2164"]
[PlyCount "84"]
[EventDate "2018.10.21"]
[EventType "team-tourn"]
[EventRounds "11"]
[EventCountry "CZE"]
[SourceTitle "CBM 187 Extra"]
[Source "ChessBase"]
[SourceDate "2018.11.04"]
[SourceVersion "1"]
[SourceVersionDate "2018.11.04"]
[SourceQuality "1"]
[WhiteTeam "Litovel Tatran"]
[BlackTeam "Frydek Mistek II"]
[WhiteTeamCountry "CZE"]
[BlackTeamCountry "CZE"]

1. c4 Nf6 2. Nc3 e5 3. g3 d5 4. cxd5 Nxd5 5. Bg2 Nb6 6. Nf3 Nc6 7. d3 Be7 8. 0-0 0-0 9. Be3 Re8 10. Rc1 Bf8 11. a3 Nd4 12. Nd2 c6 13. Nc4 Be6 14. Ne4 Qc7 15. Bxd4 exd4 16. Nxb6 axb6 17. f4 Ra5 18. h3 Qd7 19. Ng5 Bd5 20. Bxd5 Rxd5 21. g4 Re3 22. Rf3 Qe7 23. Qf1 Rxe2 24. Ne4 Rxb2 25. f5 Qxa3 26. g5 Rdb5 27. Re1 Qa2 28. f6 g6 29. h4 Rb1 30. Rf2 Rxe1 31. Qxe1 Qb1 32. Qxb1 Rxb1+ 33. Kg2 Ra1 34. Kf3 Ra3 35. Rd2 b5 36. Nf2 h5 37. gxh6 Bxh6 38. Re2 Be3 39. Ng4 b4 40. Ne5 b3 41. Rb2 Bc1 42. Rb1 b2 0-1

[Event "CZE-chT2F 1718"]
[Site "Czech Republic"]
[Date "2018.03.18"]
[Round "10.5"]
[White "Svancara, Petr"]
[Black "Slanina, Miroslav"]
[Result "1-0"]
[WhiteElo "2086"]
[BlackElo "2140"]
[PlyCount "69"]
[EventDate "2017.10.15"]
[EventType "team-tourn"]
[EventRounds "11"]
[EventCountry "CZE"]
[SourceTitle "EXT 2022"]
[Source "ChessBase"]
[SourceDate "2021.10.06"]
[SourceVersion "1"]
[SourceVersionDate "2021.10.06"]
[SourceQuality "1"]
[WhiteTeam "Olomouc ASK"]
[BlackTeam "Dobra"]
[WhiteTeamCountry "CZE"]
[BlackTeamCountry "CZE"]

1. c4 c6 2. d4 d5 3. Nf3 Nf6 4. Nc3 e6 5. g3 Bd6 6. Bg2 Nbd7 7. 0-0 0-0 8. e4 Nxe4 9. Nxe4 dxe4 10. Ng5 Nf6 11. Be3 e5 12. Nxe4 Nxe4 13. Bxe4 f5 14. Bg2 Be6 15. d5 cxd5 16. Bxd5 Qd7 17. Re1 Be7 18. Bxe6+ Qxe6 19. Qb3 Qc6 20. Rad1 Bf6 21. Rd5 a6 22. Red1 Rfd8 23. Bb6 Rxd5 24. Rxd5 Re8 25. Qb4 Re6 26. Bd8 Kf7 27. Bxf6 Kxf6 28. b3 Qc7 29. Qd2 Re7 30. h4 h6 31. Rd6+ Re6 32. Rd7 Qc6 33. Rd8 Kf7 34. Qd1 Re7 35. Qh5+ 1-0

[Event "CZE-chT1E 1718"]
[Site "Czech Republic"]
[Date "2018.02.18"]
[Round "8.1"]
[White "Slepov, Kyryl"]
[Black "Svancara, Petr"]
[Result "1-0"]
[WhiteElo "2107"]
[BlackElo "2096"]
[PlyCount "99"]
[EventDate "2017.10.22"]
[EventType "team-tourn"]
[EventRounds "11"]
[EventCountry "CZE"]
[SourceTitle "EXT 2019"]
[Source "ChessBase"]
[SourceDate "2018.10.10"]
[SourceVersion "1"]
[SourceVersionDate "2018.10.10"]
[SourceQuality "1"]
[WhiteTeam "Brno Lokomotiva"]
[BlackTeam "Grygov"]
[WhiteTeamCountry "CZE"]
[BlackTeamCountry "CZE"]

1. Nf3 Nf6 2. c4 e6 3. g3 b6 4. Bg2 Bb7 5. Nc3 Be7 6. 0-0 0-0 7. Qc2 c5 8. d3 d6 9. a3 Nbd7 10. b4 a6 11. Rb1 cxb4 12. axb4 Qc7 13. Bf4 e5 14. Bg5 h6 15. Bxf6 Nxf6 16. Qb3 Rfd8 17. Rfc1 Rab8 18. Nh4 Bxg2 19. Nxg2 Qb7 20. e4 Nh7 21. h4 Nf8 22. Ne3 Ne6 23. Qd1 Bf8 24. Qg4 b5 25. cxb5 axb5 26. Ncd5 Kh8 27. Kg2 Rdc8 28. Nf5 Rxc1 29. Rxc1 Rc8 30. Rxc8 Qxc8 31. h5 Qc2 32. Qf3 Ng5 33. Qe3 Qd1 34. f4 Ne6 35. Qf3 Qc2+ 36. Kh3 g6 37. hxg6 fxg6 38. Nh4 exf4 39. Nxg6+ Kg7 40. gxf4 Nd4 41. Qg3 Ne2 42. Qg4 Qxd3+ 43. Kh4 h5 44. Qg5 Qg3+ 45. Qxg3 Nxg3 46. Nxf8 Nxe4 47. Ne6+ Kf7 48. Nd4 Nf2 49. Kxh5 Nd3 50. Kg5 1-0

[Event "CZE-chT2F 1718"]
[Site "Czech Republic"]
[Date "2018.02.11"]
[Round "8.6"]
[White "Gibiec, Ernest"]
[Black "Svancara, Petr"]
[Result "1-0"]
[WhiteElo "2165"]
[BlackElo "2086"]
[PlyCount "63"]
[EventDate "2017.10.15"]
[EventType "team-tourn"]
[EventRounds "11"]
[EventCountry "CZE"]
[SourceTitle "EXT 2022"]
[Source "ChessBase"]
[SourceDate "2021.10.06"]
[SourceVersion "1"]
[SourceVersionDate "2021.10.06"]
[SourceQuality "1"]
[WhiteTeam "Karvina"]
[BlackTeam "Olomouc ASK"]
[WhiteTeamCountry "CZE"]
[BlackTeamCountry "CZE"]

1. d4 f5 2. g3 Nf6 3. Bg2 g6 4. c3 Bg7 5. Qb3 c6 6. Nh3 Qb6 7. Nd2 Qxb3 8. axb3 Na6 9. b4 Nc7 10. Nc4 0-0 11. 0-0 d6 12. Nf4 g5 13. Nd3 h6 14. Na5 d5 15. Ne5 Nb5 16. Nf3 Ne4 17. h4 f4 18. hxg5 hxg5 19. Ne5 Bxe5 20. dxe5 fxg3 21. f3 Nf2 22. Bxg5 Nh3+ 23. Bxh3 Bxh3 24. Rfd1 Rf5 25. f4 Raf8 26. Rd3 Rxg5 27. fxg5 Bc8 28. Rf1 Bf5 29. Rxg3 d4 30. Nxb7 dxc3 31. bxc3 Nc7 32. Rgf3 1-0

[Event "CZE-chT1E 1718"]
[Site "Czech Republic"]
[Date "2018.02.04"]
[Round "7.6"]
[White "Svancara, Petr"]
[Black "Svanda, Pavel"]
[Result "1/2-1/2"]
[WhiteElo "2096"]
[BlackElo "2086"]
[PlyCount "78"]
[EventDate "2017.10.22"]
[EventType "team-tourn"]
[EventRounds "11"]
[EventCountry "CZE"]
[SourceTitle "EXT 2019"]
[Source "ChessBase"]
[SourceDate "2018.10.10"]
[SourceVersion "1"]
[SourceVersionDate "2018.10.10"]
[SourceQuality "1"]
[WhiteTeam "Grygov"]
[BlackTeam "Gordic"]
[WhiteTeamCountry "CZE"]
[BlackTeamCountry "CZE"]

1. c4 e6 2. d4 d5 3. Nf3 dxc4 4. Nc3 Nf6 5. Qa4+ c6 6. Qxc4 b6 7. g3 Bb7 8. Bg2 Nbd7 9. 0-0 Be7 10. Rd1 0-0 11. Bg5 h6 12. Bxf6 Bxf6 13. Ne4 Qe7 14. Nxf6+ Qxf6 15. Nd2 Qe7 16. Rac1 Rfc8 17. Qb3 Nf6 18. Nc4 Rc7 19. Ne5 Rac8 20. Rd2 c5 21. Bxb7 Rxb7 22. dxc5 Rxc5 23. Rxc5 bxc5 24. Qd3 Qc7 25. Nc4 Rb8 26. b3 Nd5 27. e4 Nb6 28. Ne3 Rc8 29. Nc4 Nxc4 30. Qxc4 Qa5 31. Qe2 Qb4 32. Rd7 a5 33. Qf3 Rf8 34. Kg2 a4 35. Rc7 axb3 36. axb3 Qb6 37. Rd7 Qc6 38. Ra7 c4 39. bxc4 Qxc4 1/2-1/2

[Event "CZE-chT1E 1718"]
[Site "Czech Republic"]
[Date "2018.01.07"]
[Round "5.5"]
[White "Pacl, Vaclav"]
[Black "Svancara, Petr"]
[Result "0-1"]
[WhiteElo "2118"]
[BlackElo "2096"]
[PlyCount "72"]
[EventDate "2017.10.22"]
[EventType "team-tourn"]
[EventRounds "11"]
[EventCountry "CZE"]
[SourceTitle "EXT 2019"]
[Source "ChessBase"]
[SourceDate "2018.10.10"]
[SourceVersion "1"]
[SourceVersionDate "2018.10.10"]
[SourceQuality "1"]
[WhiteTeam "Ostrava"]
[BlackTeam "Grygov"]
[WhiteTeamCountry "CZE"]
[BlackTeamCountry "CZE"]

1. Nf3 Nf6 2. e3 b6 3. d4 Bb7 4. c4 e6 5. Nc3 Bb4 6. Bd2 0-0 7. Bd3 d5 8. 0-0 dxc4 9. Bxc4 Nbd7 10. Qe2 Qe7 11. Rfd1 a6 12. a3 Bd6 13. e4 e5 14. d5 Ne8 15. Rac1 g6 16. Bh6 Ng7 17. Rc2 f6 18. Rdc1 b5 19. Ba2 Rf7 20. Nd1 Nb6 21. Ne3 Re8 22. Qd2 Bc8 23. h3 Nh5 24. Ng4 Kh8 25. Be3 Bd7 26. Qa5 Nf4 27. Qxa6 h5 28. Ngh2 g5 29. Ne1 g4 30. hxg4 hxg4 31. Nf1 Rh7 32. f3 f5 33. Ng3 Qh4 34. Nxf5 Bxf5 35. exf5 Qh1+ 36. Kf2 g3+ 0-1

[Event "CZE-chT2F 1718"]
[Site "Czech Republic"]
[Date "2017.11.19"]
[Round "3.6"]
[White "Maj, Svatopluk"]
[Black "Svancara, Petr"]
[Result "0-1"]
[WhiteElo "1902"]
[BlackElo "2086"]
[PlyCount "66"]
[EventDate "2017.10.15"]
[EventType "team-tourn"]
[EventRounds "11"]
[EventCountry "CZE"]
[SourceTitle "EXT 2022"]
[Source "ChessBase"]
[SourceDate "2021.10.06"]
[SourceVersion "1"]
[SourceVersionDate "2021.10.06"]
[SourceQuality "1"]
[WhiteTeam "Vrbno pod Pradedem"]
[BlackTeam "Olomouc ASK"]
[WhiteTeamCountry "CZE"]
[BlackTeamCountry "CZE"]

1. c4 Nf6 2. Nc3 e6 3. e4 c5 4. e5 Ng8 5. d4 cxd4 6. Qxd4 Nc6 7. Qe4 f5 8. Qe3 Nh6 9. Be2 Nf7 10. f4 b6 11. Nf3 Bc5 12. Qd2 Bb7 13. a3 0-0 14. b4 Be7 15. 0-0 g5 16. Rd1 g4 17. Nd4 Nxd4 18. Qxd4 d6 19. Qe3 Qc8 20. Bb2 dxe5 21. fxe5 Qc6 22. Bf1 Bg5 23. Qe2 h5 24. Nb5 f4 25. Nd4 f3 26. gxf3 gxf3 27. Qf2 Qe4 28. Kh1 Nxe5 29. Bh3 Ng4 30. Qg3 f2+ 31. Bg2 Qxg2+ 32. Qxg2 Bxg2+ 33. Kxg2 Ne3+ 0-1

[Event "CZE-chT2F 1718"]
[Site "Czech Republic"]
[Date "2017.11.05"]
[Round "2.5"]
[White "Kolar, Stanislav"]
[Black "Svancara, Petr"]
[Result "1-0"]
[WhiteElo "2111"]
[BlackElo "2086"]
[PlyCount "81"]
[EventDate "2017.10.15"]
[EventType "team-tourn"]
[EventRounds "11"]
[EventCountry "CZE"]
[SourceTitle "EXT 2022"]
[Source "ChessBase"]
[SourceDate "2021.10.06"]
[SourceVersion "1"]
[SourceVersionDate "2021.10.06"]
[SourceQuality "1"]
[WhiteTeam "Havirov Banik"]
[BlackTeam "Olomouc ASK"]
[WhiteTeamCountry "CZE"]
[BlackTeamCountry "CZE"]

1. Nf3 f5 2. d4 Nf6 3. c4 g6 4. g3 Bg7 5. Bg2 0-0 6. 0-0 d6 7. Nc3 Nc6 8. a3 Ne4 9. Be3 Nxc3 10. bxc3 e5 11. d5 Na5 12. Qa4 b6 13. c5 dxc5 14. Bxc5 Bd7 15. Qb4 Re8 16. Rad1 Nb7 17. Be3 h6 18. c4 Nd6 19. Nd2 g5 20. c5 a5 21. Qc3 bxc5 22. Bxc5 a4 23. Qc2 e4 24. Nc4 Bb5 25. Nxd6 cxd6 26. Bd4 Bxd4 27. Rxd4 Qf6 28. Rb4 Rac8 29. Qd2 Rc5 30. Rfb1 Bc4 31. Rxa4 Bxd5 32. Rd4 Qe5 33. e3 Rec8 34. Bf1 Kh7 35. Rb5 Be6 36. Rb7+ Kh8 37. Rxd6 Rd5 38. Rxd5 Bxd5 39. Rd7 Be6 40. Re7 Rc7 41. Qd8+ 1-0

[Event "CZE-chT1E 1617"]
[Site "Czech Republic"]
[Date "2017.01.22"]
[Round "6.3"]
[White "Splichal, Stanislav"]
[Black "Svancara, Petr"]
[Result "1/2-1/2"]
[WhiteElo "2184"]
[BlackElo "2089"]
[PlyCount "50"]
[EventDate "2016.10.16"]
[EventType "team-tourn"]
[EventRounds "11"]
[EventCountry "CZE"]
[SourceTitle "CBM 177 Extra"]
[Source "ChessBase"]
[SourceDate "2017.04.27"]
[SourceVersion "1"]
[SourceVersionDate "2017.04.27"]
[SourceQuality "1"]
[WhiteTeam "Ostrava"]
[BlackTeam "Grygov"]
[WhiteTeamCountry "CZE"]
[BlackTeamCountry "CZE"]

1. Nf3 f5 2. d4 Nf6 3. g3 g6 4. Bg2 Bg7 5. 0-0 0-0 6. c4 d6 7. Nc3 Na6 8. Rb1 c5 9. d5 Bd7 10. a3 Rc8 11. Bd2 Nc7 12. b4 cxb4 13. axb4 Kh8 14. Qb3 e6 15. dxe6 Nxe6 16. Be3 Ng4 17. Bxa7 Ra8 18. Be3 Nxe3 19. fxe3 Bc6 20. Nd5 Bxd5 21. cxd5 Ng5 22. Nd4 Bxd4 23. exd4 Re8 24. e3 Ne4 25. Bxe4 Rxe4 1/2-1/2

[Event "CZE-chT2F 1617"]
[Site "Czech Republic"]
[Date "2017.01.15"]
[Round "6.6"]
[White "Svancara, Petr"]
[Black "Beran, Petr"]
[Result "0-1"]
[WhiteElo "2089"]
[BlackElo "2041"]
[PlyCount "100"]
[EventDate "2016.10.09"]
[EventType "team-tourn"]
[EventRounds "11"]
[EventCountry "CZE"]
[SourceTitle "EXT 2022"]
[Source "ChessBase"]
[SourceDate "2021.10.06"]
[SourceVersion "1"]
[SourceVersionDate "2021.10.06"]
[SourceQuality "1"]
[WhiteTeam "Litovel Tatran II"]
[BlackTeam "Havirov Slovan"]
[WhiteTeamCountry "CZE"]
[BlackTeamCountry "CZE"]

1. e4 c6 2. Nc3 d5 3. Nf3 dxe4 4. Nxe4 Nf6 5. Nxf6+ exf6 6. d4 Bd6 7. Be2 0-0 8. Be3 Re8 9. Qd2 Nd7 10. 0-0 Nf8 11. Rfe1 Qc7 12. c4 Ng6 13. h3 Bf5 14. Qc3 Rad8 15. Bf1 Qc8 16. b4 Nf4 17. Bxf4 Bxf4 18. Rxe8+ Rxe8 19. Re1 Re6 20. g3 Bb8 21. Nh4 Be4 22. Bg2 Bxg2 23. Kxg2 g6 24. Nf3 Kg7 25. a4 h5 26. Re3 Qe8 27. b5 Rxe3 28. Qxe3 Qe6 29. Qd3 Qd6 30. Qc3 Qe6 31. bxc6 bxc6 32. Qb3 Bd6 33. Qc3 Qe4 34. Qe3 f5 35. Qxe4 fxe4 36. Nd2 f5 37. c5 Bc7 38. Nc4 Kf7 39. f3 Ke6 40. fxe4 fxe4 41. Ne3 Bd8 42. h4 Bf6 43. Nc2 a5 44. Kf2 Kd5 45. Ke3 Bg7 46. g4 hxg4 47. Kf4 Bxd4 48. Kxg4 Bxc5 49. Kg5 Bf2 50. Kxg6 e3 0-1

[Event "CZE-chT1E 1516"]
[Site "Czech Republic"]
[Date "2015.11.29"]
[Round "4.7"]
[White "Zimniok, Lubomir"]
[Black "Svancara, Petr"]
[Result "1-0"]
[WhiteElo "2120"]
[BlackElo "2057"]
[PlyCount "135"]
[EventDate "2015.10.11"]
[EventType "team-tourn"]
[EventRounds "11"]
[EventCountry "CZE"]
[SourceTitle "EXT 2017"]
[Source "ChessBase"]
[SourceDate "2016.10.25"]
[SourceVersion "1"]
[SourceVersionDate "2016.10.25"]
[SourceQuality "1"]
[WhiteTeam "Karvina"]
[BlackTeam "Grygov"]
[WhiteTeamCountry "CZE"]
[BlackTeamCountry "CZE"]

1. e4 c5 2. c3 Nc6 3. d4 cxd4 4. cxd4 d5 5. Nc3 e6 6. e5 Nge7 7. Nf3 Bd7 8. Bd3 Ng6 9. h4 Bb4 10. h5 Nge7 11. 0-0 h6 12. a3 Bxc3 13. bxc3 Na5 14. a4 Qc7 15. Bb2 Nc4 16. Bxc4 dxc4 17. Nd2 0-0 18. Ba3 Rfe8 19. Ne4 Bc6 20. Nd6 Red8 21. Nxc4 Nd5 22. Bd6 Qd7 23. Ra3 Rac8 24. Nd2 f5 25. g3 b6 26. Kh2 Ba8 27. c4 Nc7 28. Rg1 Qc6 29. Qf3 Qd7 30. Qf4 Ne8 31. c5 Nc7 32. Nc4 Nd5 33. Qh4 Kh7 34. g4 Qf7 35. g5 hxg5 36. Qxg5 bxc5 37. dxc5 Rd7 38. Rh3 Bb7 39. Nd2 Nb4 40. Rh4 Na6 41. Qe3 Bd5 42. Rh3 Kh8 43. Qg5 Kh7 44. Qg6+ Kg8 45. Rb1 Rb7 46. Rxb7 Bxb7 47. Nb3 Bd5 48. Nd4 Nb4 49. Rc3 Nc6 50. Nb5 a6 51. Qxf7+ Kxf7 52. Nc7 Rh8 53. Rh3 Bc4 54. Kg3 Rb8 55. h6 Rb3+ 56. f3 gxh6 57. Rxh6 Nd4 58. Rf6+ Kg7 59. Ne8+ Kh7 60. Rf7+ Kg8 61. Rf8+ Kh7 62. Rf7+ Kg6 63. Rg7+ Kh6 64. Bf8 Rxf3+ 65. Kg2 Bf1+ 66. Kh2 f4 67. Rg4+ Kh5 68. Nf6# 1-0